00272nam a2200097Ia 4500008004100000100001900041245006800060260003000128300000800158650000800166191201s2009 xx 000 0 und d aREGIS, Richard 0aCross Cultural and Global Human Resource Management M B A SEM-4 aN. DelhibVikas Pubc2009 a294 aMBA